Tendencias presupuestarias en el área de seguridad en México, 2006-2010: ¿hacia la militarización del gasto público? = Budgetary trends in the area of segurity in México, 2006-2010: ¿toward the militarization of the public expenditure? /
Spremljeno u:
| Glavni autor: | |
|---|---|
| Format: | Tekst |
| Oznake: |
Dodaj oznaku
Bez oznaka, Budi prvi tko označuje ovaj zapis!
|
MARC
| LEADER | 00000 a a2200000 04500 | ||
|---|---|---|---|
| 001 | 48699 | ||
| 003 | |||
| 040 | |||
| 100 | |a Pérez Lara, Jorge Enrique | ||
| 245 | |a Tendencias presupuestarias en el área de seguridad en México, 2006-2010: ¿hacia la militarización del gasto público? = |b Budgetary trends in the area of segurity in México, 2006-2010: ¿toward the militarization of the public expenditure? / |c Jorge Enrique Pérez Lara | ||
| 773 | |a volumen93, número2, (2015) : páginas 129-142 : tablas | ||
| 999 | |c 20445 |d 20445 | ||
